Statistika spoljne trgovine SFR Jugoslavije za 1981. godinu

Salvato in:
Dettagli Bibliografici
Natura: Libro
Lingua:serbo
Pubblicazione: Beograd Savezni zavod za statistiku 1982
Tags: Aggiungi Tag
Nessun Tag, puoi essere il primo ad aggiungerne!!

MARC

LEADER 00000nam a2200000 4500
001 c115350
005 20250701083641.3
041 0 |a srp 
044 |a YU 
245 1 0 |a Statistika spoljne trgovine SFR Jugoslavije za 1981. godinu 
264 1 |a Beograd  |b Savezni zavod za statistiku  |c 1982 
300 |a 646 s.